000 00559nam a2200193 a 4500
005 20140310183555.0
008 111027s19uu xx 00 eng d
020 _a9780826499752
050 _aTS 171.4
_b.Sp66 2008
100 _aSpendlove, David
245 _a100 ideas for teaching design and technology.
260 _aLondon :
_bContinuum,
_c2008.
300 _a115 p. :
_bill. ;
_c22 cm.
521 _aEDU
650 _aDesign, Industrial
_xStudy and teaching
650 _aTechnology
_xStudy and teaching
942 _cBK
_2lcc
_kFOR
999 _c25010
_d25010